000
00253nam a22000977a 4500
008
231212b |||||||| |||| 00| 0 eng d
020
_a
9789355555731
100
_a
MTG
_9
7733
245
_a
PREP GUIDE CUET (UG)-2023 (Physics)
260
_a
New Delhi
_b
MTG
_c
2023
999
_c
12512
_d
12512